Miitopia Personalities Quiz - Statistics

General Stats
  • This quiz has been taken 29 times
  • The average score is 6 of 7
Answer Stats
Answer % Correct
Stubborn
96%
Cool
92%
Kind
92%
Laid-back
84%
Airheaded
80%
Energetic
80%
Cautious
72%
No matching quizzes found
Score Distribution
Percent of People with Each Score
Percentile by Number Answered
Your Score History
You have not taken this quiz